[Event "NRW Verbandsklasse Group2 1314"]
[Site "Nordrheinwestfalen"]
[Date "2013.11.24"]
[Round "4.6"]
[White "Striebeck, Roman"]
[Black "Wiktor, Reinhard"]
[Result "0-1"]
[WhiteElo "1720"]
[BlackElo "1784"]
[PlyCount "54"]
[EventDate "2013.09.08"]
[EventType "team-tourn"]
[EventRounds "9"]
[EventCountry "GER"]
[SourceTitle "EXT 2020"]
[Source "ChessBase"]
[SourceDate "2019.10.17"]
[SourceVersion "1"]
[SourceVersionDate "2019.10.17"]
[SourceQuality "1"]
[WhiteTeam "Welper SV II"]
[BlackTeam "Mengede SG"]
[WhiteTeamCountry "GER"]
[BlackTeamCountry "GER"]

1. c4 Nf6 2. d4 g6 3. Nc3 Bg7 4. e4 d6 5. Bd3 Nc6 6. Nge2 0-0 7. 0-0 e5 8. d5 Ne7 9. b3 Bd7 10. Bb2 Ng4 11. Bc1 Kh8 12. f3 Nh6 13. Be3 f5 14. f4 Ng4 15. Bd2 fxe4 16. Bxe4 Nf5 17. Rf3 Nd4 18. Nxd4 exd4 19. Nb5 Nf6 20. Qc2 Nxe4 21. Qxe4 Bf5 22. Qe1 a6 23. Na3 Qd7 24. Rc1 Rae8 25. Qf1 Re7 26. Nc2 Rfe8 27. Be1 Bxc2 0-1